000 00367nam a2200133 a 4500
005 20140414132103.0
008 100726s19uu xx 00 eng d
050 _aM 372.6
_bP58 2004
100 _aPicthall, Chez
245 _aMy world alphabet:
_bexploring letters and words.
260 _aUk :
_bPicthall &Gunzi Ltd,
_c2004.
650 _aWord book
999 _c114518
_d114518